Couldn't Make It Any Harder - Sabrina Carpenter (All Lyrics) - Statistics

General Stats
  • This quiz has been taken 114 times
  • The average score is 169 of 197
Answer Stats
Lyrics % Correct
Any
100%
couldn't
100%
hard
100%
harder
100%
I
100%
it
100%
love
100%
make
100%
to
100%
me
99%
but
97%
But
97%
you
97%
You
97%
Oh,
96%
Oh
96%
Your
94%
your
94%
And
93%
are
93%
know
93%
no
93%
is
91%
not
91%
you're
91%
can
90%
don't
90%
will
90%
say
88%
how
87%
let
87%
the
87%
arms
85%
be
85%
heart
85%
my
85%
so
85%
take
85%
that
85%
touch
85%
of
84%
'Cause
82%
for
82%
reachin'
82%
reachin;
82%
frustrated
81%
you'll
81%
You'll
81%
as
79%
eager
79%
full
79%
give
79%
I'd
79%
meet
79%
what
79%
am
78%
half
78%
now
78%
than
78%
throbbing
78%
glass
76%
in
76%
version
76%
can't
75%
was
75%
easy
74%
never
74%
Well,
74%
just
72%
them
72%
they
72%
Meeting
71%
tell
71%
Fuckboys
69%
nice
69%
this
69%
day,
68%
look
68%
makes
68%
one
68%
should
68%
someone
68%
with
68%
easier
66%
emotion
66%
I'm
66%
kind
66%
comments
65%
want
65%
Heard
63%
stomach
63%
thank
62%
believe
59%
Filled
59%
goddamn
59%
graveyard
59%
Meanwhile,
59%
folded,
57%
formative
57%
reactionary
57%
tryna
57%
Would've
57%
(Ah)
53%
pivotal
53%
(Ooh)
51%
why
50%
potential
4%
No matching quizzes found
Score Distribution
Percent of People with Each Score
Percentile by Number Answered
Your Score History
You have not taken this quiz